000 01052nam0a22002531 4500
001 rc\1106453
005 20041126174138.1
035 _a(NLR Aleph) 006351190
090 _a4803336
_c4803336
100 _a20041126d1982 u |0rusy50 ca
101 0 _arus
102 _aRU
105 _ay |||||||||
200 1 _aИсследование по линейным операторам и их приложения
_eТемат. сб. науч. тр.
_fМ-во высш. и сред. спец. образования АзССР
_g[Редкол.: Бабаев А.А. (отв. ред.) и др.]
210 _aБаку
_cАзерб. ун-т
_d1982
215 _a178 с.
_d20
320 _aБиблиогр. в конце ст.
702 1 _aБабаев
_bА. А. оглы
_gАриф Алигейдар оглы
_4340
712 0 2 _aАзербайджанский университет им. С. М. Кирова
_cБаку
_3RU\NLR\AUTH\889917762
801 0 _aRU
_bNLR
_gpsbo
801 1 _aRU
_bELAR
_2rusmarc
852 _aNLR
_j83-5/5008
942 _cBOOK
980 _aNB